[Event "SLO-ch 33rd"]
[Site "Radenci"]
[Date "2023.05.02"]
[Round "9"]
[White "Kodric, Gasper"]
[Black "Glas, Bruno"]
[Result "1/2-1/2"]
[WhiteElo "2037"]
[BlackElo "1529"]
[PlyCount "126"]
[EventDate "2023.04.25"]
[EventType "team-match"]
[EventRounds "9"]
[EventCountry "SLO"]
[SourceTitle "CBM 214 Extra"]
[Source "ChessBase"]
[SourceDate "2023.07.31"]
[SourceVersion "1"]
[SourceVersionDate "2023.07.31"]
[SourceQuality "1"]

1. c4 c5 2. Nf3 Nc6 3. Nc3 e6 4. g3 g6 5. Bg2 Bg7 6. h4 h6 7. d4 cxd4 8. Nb5 d6 9. Nfxd4 Nxd4 10. Nxd4 Ne7 11. 0-0 d5 12. cxd5 Nxd5 13. e3 0-0 14. b3 e5 15. Nb5 e4 16. Ba3 Re8 17. Rc1 f5 18. Nd6 Nc3 19. Rxc3 Bxc3 20. Qc2 Be5 21. Nxe8 Qxe8 22. Rd1 Be6 23. Qc5 Bg7 24. Qc7 Qf7 25. Rd8+ Rxd8 26. Qxd8+ Kh7 27. Bf1 Qd7 28. Qxd7 Bxd7 29. Be7 b5 30. Be2 Kg8 31. Bb4 Kf7 32. Kf1 Ke6 33. Ke1 Bc6 34. Kd2 Kd7 35. Bc3 Bxc3+ 36. Kxc3 a5 37. a3 h5 38. Kd4 Kd6 39. Bd1 Bb7 40. Be2 Bc6 41. Bf1 Bd7 42. Bh3 Be6 43. Bf1 Bd7 44. Be2 Bc6 45. Bd1 Bb7 46. b4 a4 47. Bc2 Bd5 48. Bd1 Bb7 49. Be2 Bc6 50. Bf1 Bd7 51. Bg2 Bc6 52. Bh3 Bd7 53. Bf1 Be8 54. Bh3 Bd7 55. Bf1 Be8 56. Bg2 Bc6 57. Bh1 Bb7 58. Bg2 Bc6 59. Bf1 Bd7 60. Be2 Bc6 61. Bd1 Bb7 62. Bc2 Bd5 63. Bd1 Bb7 1/2-1/2

[Event "SLO-ch 33rd"]
[Site "Radenci"]
[Date "2023.05.01"]
[Round "8"]
[White "Glas, Bruno"]
[Black "Centrih, Aleks"]
[Result "0-1"]
[WhiteElo "1529"]
[BlackElo "2072"]
[PlyCount "72"]
[EventDate "2023.04.25"]
[EventType "team-match"]
[EventRounds "9"]
[EventCountry "SLO"]
[SourceTitle "CBM 214 Extra"]
[Source "ChessBase"]
[SourceDate "2023.07.31"]
[SourceVersion "1"]
[SourceVersionDate "2023.07.31"]
[SourceQuality "1"]

1. e4 e5 2. Nf3 Nc6 3. d4 exd4 4. Nxd4 Nf6 5. Nxc6 bxc6 6. e5 Qe7 7. Qe2 Nd5 8. c4 Nb6 9. Nc3 a5 10. h4 Qe6 11. Qe4 Bb4 12. Bd2 Ba6 13. b3 Bxc3 14. Bxc3 d5 15. cxd5 cxd5 16. Qe3 Bxf1 17. Kxf1 0-0 18. g3 Rfd8 19. Bd4 Rac8 20. Kg2 c5 21. Bb2 d4 22. Qe1 Rd5 23. f4 f6 24. exf6 Qxf6 25. Qe4 Qf7 26. Rhe1 Rdd8 27. Kf2 Re8 28. Qd3 Nd5 29. Ba3 Ne3 30. Bc1 Ng4+ 31. Kf1 Qb7 32. Qc4+ Kh8 33. Re6 Qf3+ 34. Ke1 Qxg3+ 35. Kd1 Ne3+ 36. Bxe3 Qg4+ 0-1

[Event "SLO-ch 33rd"]
[Site "Radenci"]
[Date "2023.04.27"]
[Round "4"]
[White "Glas, Bruno"]
[Black "Mohr, Pablo"]
[Result "1-0"]
[WhiteElo "1529"]
[BlackElo "1739"]
[PlyCount "73"]
[EventDate "2023.04.25"]
[EventType "team-match"]
[EventRounds "9"]
[EventCountry "SLO"]
[SourceTitle "CBM 214 Extra"]
[Source "ChessBase"]
[SourceDate "2023.07.31"]
[SourceVersion "1"]
[SourceVersionDate "2023.07.31"]
[SourceQuality "1"]

1. e4 e6 2. d4 d5 3. e5 c5 4. c3 Nc6 5. Nf3 Qb6 6. Na3 cxd4 7. cxd4 Bb4+ 8. Bd2 Bxa3 9. bxa3 Nxd4 10. Nxd4 Qxd4 11. Bb5+ Bd7 12. Bxd7+ Kxd7 13. 0-0 Ne7 14. Rb1 b6 15. Qe2 Nc6 16. Rfc1 Rac8 17. Rb3 Qxe5 18. Qb5 d4 19. Qa4 Qe2 20. Bf4 e5 21. Bg3 Qd2 22. Qc4 Ne7 23. Qb5+ Rc6 24. Rbb1 a6 25. Qf1 Rxc1 26. Rxc1 f6 27. Rd1 Qc2 28. f4 Nc6 29. fxe5 fxe5 30. Qf7+ Kd6 31. Re1 d3 32. Qf5 Qc3 33. Rd1 Qc2 34. Rxd3+ Kc5 35. Bf2+ Kc4 36. Qe4+ Nd4 37. Rxd4+ 1-0

[Event "SLO-ch 33rd"]
[Site "Radenci"]
[Date "2023.04.27"]
[Round "3"]
[White "Glas, Bruno"]
[Black "Zalig, Christian"]
[Result "0-1"]
[WhiteElo "1529"]
[BlackElo "1978"]
[PlyCount "76"]
[EventDate "2023.04.25"]
[EventType "team-match"]
[EventRounds "9"]
[EventCountry "SLO"]
[SourceTitle "CBM 214 Extra"]
[Source "ChessBase"]
[SourceDate "2023.07.31"]
[SourceVersion "1"]
[SourceVersionDate "2023.07.31"]
[SourceQuality "1"]

1. e4 c5 2. Nf3 Nc6 3. d4 cxd4 4. Nxd4 e6 5. Nc3 d6 6. Be2 Be7 7. 0-0 Nf6 8. Be3 0-0 9. f4 Bd7 10. f5 Nxd4 11. Qxd4 e5 12. Qd2 Bc6 13. Bf3 b5 14. Qd3 b4 15. Nd5 Nxd5 16. exd5 Bd7 17. g4 Bg5 18. Be4 Rc8 19. Rf3 Bxe3+ 20. Qxe3 Rc4 21. Qd3 Rd4 22. Qe3 Qb6 23. Kh1 f6 24. Rg1 Qd8 25. h4 Be8 26. g5 Bf7 27. g6 hxg6 28. fxg6 Be8 29. Rgg3 Bd7 30. Bf5 Bxf5 31. Rxf5 Qc8 32. Rf2 Rxh4+ 33. Kg2 Qc4 34. Qd2 Rd4 35. Qe1 Qxd5+ 36. Kg1 Rd1 37. Kf1 Qh1+ 38. Rg1 Rxe1+ 0-1

[Event "SLO-ch 33rd"]
[Site "Radenci"]
[Date "2023.04.26"]
[Round "2"]
[White "Novak, Rok"]
[Black "Glas, Bruno"]
[Result "0-1"]
[WhiteElo "1865"]
[BlackElo "1529"]
[PlyCount "94"]
[EventDate "2023.04.25"]
[EventType "team-match"]
[EventRounds "9"]
[EventCountry "SLO"]
[SourceTitle "CBM 214 Extra"]
[Source "ChessBase"]
[SourceDate "2023.07.31"]
[SourceVersion "1"]
[SourceVersionDate "2023.07.31"]
[SourceQuality "1"]

1. e4 c5 2. Nf3 d6 3. d4 cxd4 4. Nxd4 Nf6 5. Nc3 a6 6. h3 e5 7. Nf3 Be7 8. g4 Be6 9. Ng5 b5 10. Nxe6 fxe6 11. g5 Nfd7 12. Qg4 Nc6 13. Be3 Nd4 14. 0-0-0 0-0 15. Bxd4 exd4 16. Qxe6+ Kh8 17. Rxd4 Bxg5+ 18. Kb1 Rf6 19. Qg4 Rf4 20. Qd1 b4 21. Ne2 Rxf2 22. Rxd6 Ra7 23. Qd4 Qf8 24. Ng3 Rd2 25. Bd3 Qf3 26. a3 b3 27. cxb3 Qxg3 28. Rxd7 Rxd7 29. Qxd7 Qxd3+ 30. Qxd3 Rxd3 31. Rg1 h6 32. Re1 Rxh3 33. b4 Rd3 34. Kc2 Rd6 35. Kb3 h5 36. a4 h4 37. Kc4 Rb6 38. b5 axb5+ 39. axb5 Be7 40. Ra1 h3 41. Rh1 Rh6 42. e5 g5 43. b6 g4 44. Kb5 Bd8 45. b7 Rb6+ 46. Kc5 Rxb7 47. Rh2 Rh7 0-1

[Event "SLO-ch 33rd"]
[Site "Radenci"]
[Date "2023.04.25"]
[Round "1"]
[White "Javornik, Nik"]
[Black "Glas, Bruno"]
[Result "1-0"]
[WhiteElo "2139"]
[BlackElo "1529"]
[PlyCount "73"]
[EventDate "2023.04.25"]
[EventType "team-match"]
[EventRounds "9"]
[EventCountry "SLO"]
[SourceTitle "CBM 214 Extra"]
[Source "ChessBase"]
[SourceDate "2023.07.31"]
[SourceVersion "1"]
[SourceVersionDate "2023.07.31"]
[SourceQuality "1"]

1. Nf3 d5 2. g3 c5 3. Bg2 Nc6 4. 0-0 Nf6 5. d3 e5 6. e4 d4 7. a4 Be7 8. Na3 h5 9. Nc4 Qc7 10. Nh4 Be6 11. b3 Nd7 12. Nf5 0-0-0 13. Nxg7 Rdg8 14. Nxe6 fxe6 15. h3 Rh7 16. Bf3 Qd8 17. Kg2 Qf8 18. Bxh5 Bg5 19. Bg4 Qe7 20. Bxg5 Rxg5 21. Qd2 Qg7 22. Bxe6 Qh6 23. h4 Rgg7 24. Bxd7+ Kxd7 25. Qxh6 Rxh6 26. Kf3 Ke6 27. Ke2 Rf6 28. Rh1 Rgf7 29. Rh2 Ne7 30. h5 Rh7 31. Rah1 b6 32. g4 Rf8 33. Nd2 Rhf7 34. g5 Rg7 35. g6 Rh8 36. Nf3 Kf6 37. Rg1 1-0

[Event "SLO-chT U16"]
[Site "Murska Sobota"]
[Date "2018.05.12"]
[Round "2"]
[White "Pivec, Zak"]
[Black "Glas, Bruno"]
[Result "0-1"]
[WhiteElo "1706"]
[BlackElo "1165"]
[PlyCount "70"]
[EventDate "2018.05.11"]
[EventType "team-swiss"]
[EventRounds "5"]
[EventCountry "SLO"]
[SourceTitle "EXT 2020"]
[Source "ChessBase"]
[SourceDate "2019.10.17"]
[SourceVersion "1"]
[SourceVersionDate "2019.10.17"]
[SourceQuality "1"]

1. e4 d5 2. Nc3 d4 3. Nce2 c5 4. d3 Nc6 5. c3 e5 6. h3 Nf6 7. Bg5 h6 8. Bh4 Be7 9. Nf3 Qb6 10. Rb1 Qa5 11. a3 Be6 12. b4 Qxa3 13. b5 Na5 14. Nxe5 dxc3 15. Qc2 Ba2 16. Ra1 Qb2 17. Rxa2 Qb4 18. Nxc3 Nxe4 19. dxe4 Bxh4 20. Nd3 Qb3 21. Qxb3 Nxb3 22. Be2 0-0 23. 0-0 Bf6 24. Rb1 c4 25. Bf3 Bxc3 26. Nc1 Nd2 27. Rc2 Nxb1 28. Ne2 Bf6 29. Rxc4 Nd2 30. Rc2 Nxf3+ 31. gxf3 Rac8 32. Rd2 Rc5 33. Ra2 Ra8 34. b6 a6 35. Rb2 Bxb2 0-1